Ethics and Values for Engineers and Managers (Record no. 96643)

MARC details
000 -LEADER
fixed length control field 00614nam a2200229Ia 4500
005 - DATE AND TIME OF LATEST TRANSACTION
control field 20250519112822.0
008 - FIXED-LENGTH DATA ELEMENTS--GENERAL INFORMATION
fixed length control field 230125s9999 xx 000 0 und d
020 ## - INTERNATIONAL STANDARD BOOK NUMBER
International Standard Book Number 978-93-5142-682-0
041 ## - LANGUAGE CODE
Language code of text/sound track or separate title eng
082 ## - DEWEY DECIMAL CLASSIFICATION NUMBER
Classification number 174.4
Item number CHA/SIN
100 ## - MAIN ENTRY--PERSONAL NAME
Author Chattopadhyay S
245 ## - TITLE STATEMENT
Title Ethics and Values for Engineers and Managers
250 ## - EDITION STATEMENT
Edition statement 1st Ed.
260 ## - PUBLICATION, DISTRIBUTION, ETC.
Date of publication, distribution, etc. 2017
Name of publisher, distributor, etc. Himalaya Publishing House
Place of publication, distribution, etc. Mumbai
300 ## - PHYSICAL DESCRIPTION
Extent 366p
650 ## - SUBJECT ADDED ENTRY--TOPICAL TERM
Topical term or geographic name entry element Business ethics
700 ## - ADDED ENTRY--PERSONAL NAME
Personal name Chattopadhyay S & Singh S
942 ## - ADDED ENTRY ELEMENTS (KOHA)
Koha item type Books
500 ## - GENERAL NOTE
Keywords Business Ethics
906 ## - LOCAL DATA ELEMENT F, LDF (RLIN)
b 106.25
Holdings
Withdrawn status Lost status Damaged status Not for loan Home library Current library Date acquired Vendor Net Price Bill number Total Checkouts Full call number Barcode Date last seen Actual Price Bill Date Koha item type Original Barcode
        Smt. Hiraben Nanavati Institute of Management & Research for Women Smt. Hiraben Nanavati Institute of Management & Research for Women 12/03/2021 Forward Books 425.00 11378   174.4 CHA/SIN B21415 HIMR-BK-21415 25/01/2023 318.75 12/03/2021 Books B21415
        Smt. Hiraben Nanavati Institute of Management & Research for Women Smt. Hiraben Nanavati Institute of Management & Research for Women 12/03/2021 Forward Books 425.00 11378   174.4 CHA/SIN B21416 HIMR-BK-21416 25/01/2023 318.75 12/03/2021 Books B21416